Complete the Sequences #2 - Statistics

General Stats
  • This quiz has been taken 359 times
  • The average score is 6 of 12
Answer Stats
Hint Answer % Correct
Greek Letters Delta
74%
Ascending/Descending Letters/Numbers X7C6
69%
First 5 Elements on the Periodic Table Li
64%
US State Abbreviations (Alphabetical order) GA
61%
Fibonacci Numbers 21
56%
First 3 Letters of Zodiac signs Leo
54%
Seven Dwarves (Alphabetical, without 1st Letter) rumpy
51%
Last Word of Star Wars Movies (Order of Release) Jedi
48%
Subjects in the 12 days of Christmas Maids
48%
Deadly Sins (Dante's order) Wrath
43%
Add 63 355
33%
World Capitals (Alphabetical Order) Tokyo
22%
No matching quizzes found
Score Distribution
Percent of People with Each Score
Percentile by Number Answered
Your Score History
You have not taken this quiz